An introduction to law / (Record no. 22051)
[ view plain ]
| 000 -LEADER | |
|---|---|
| fixed length control field | 01503cam a22003375a 4500 |
| 001 - CONTROL NUMBER | |
| control field | 017543833 |
| 003 - CONTROL NUMBER IDENTIFIER | |
| control field | OSt |
| 005 - DATE AND TIME OF LATEST TRANSACTION | |
| control field | 20160728101600.0 |
| 008 - FIXED-LENGTH DATA ELEMENTS--GENERAL INFORMATION | |
| fixed length control field | 150803s2016 enk frb 001|0|eng|d |
| 015 ## - NATIONAL BIBLIOGRAPHY NUMBER | |
| National bibliography number | GBB5C3932 |
| Source | bnb |
| 016 7# - NATIONAL BIBLIOGRAPHIC AGENCY CONTROL NUMBER | |
| Record control number | 017543833 |
| Source | Uk |
| 020 ## - INTERNATIONAL STANDARD BOOK NUMBER | |
| International Standard Book Number | 052113207X |
| 020 ## - INTERNATIONAL STANDARD BOOK NUMBER | |
| International Standard Book Number | 9780521132077 |
| 040 ## - CATALOGING SOURCE | |
| Original cataloging agency | StDuBDS |
| Language of cataloging | eng |
| Transcribing agency | StDuBDS |
| Modifying agency | EG-ScBUE |
| 082 04 - DEWEY DECIMAL CLASSIFICATION NUMBER | |
| Edition number | 22 |
| Classification number | 349.42 |
| Item number | HAR |
| 100 1# - MAIN ENTRY--PERSONAL NAME | |
| Personal name | Harris, Phil, |
| Dates associated with a name | 1949- |
| 9 (RLIN) | 40491 |
| 245 13 - TITLE STATEMENT | |
| Title | An introduction to law / |
| Statement of responsibility, etc | Phil Harris. |
| 250 ## - EDITION STATEMENT | |
| Edition statement | 8th ed. |
| 260 ## - PUBLICATION, DISTRIBUTION, ETC. (IMPRINT) | |
| Place of publication, distribution, etc | Cambridge : |
| Name of publisher, distributor, etc | Cambridge University Press, |
| Date of publication, distribution, etc | 2016. |
| 300 ## - PHYSICAL DESCRIPTION | |
| Extent | xxviii, 494 p. ; |
| Dimensions | 25 cm. |
| 490 0# - Series Statement | |
| Series statement | The law in context series |
| 500 ## - GENERAL NOTE | |
| General note | Index : p. 481-494. |
| 504 ## - BIBLIOGRAPHY, ETC. NOTE | |
| Bibliography, etc | Includes bibliographical references. |
| 505 ## - FORMATTED CONTENTS NOTE | |
| Formatted contents note | Part I: 1. Law and society; 2. Law and morality; 3. Law and the regulations of economic activity; 4. Some important legal concepts; 5. Law and the settlement of disputes; 6. The making of legal rules; 7. The legal profession; Part II: 8. The European dimension of English law; 9. Liability in English law: the law of tort; 10. Liability in English law: crime and the criminal justice system; 11. The development and role of the contract; 12. Law and government. |
| 520 ## - SUMMARY, ETC. | |
| Summary, etc | An extensively updated introduction to law through a 'law in context' perspective.<br/> |
| 650 #7 - SUBJECT ADDED ENTRY--TOPICAL TERM | |
| Topical term or geographic name as entry element | Law |
| Source of heading or term | BUEsh |
| Geographic subdivision | England. |
| 9 (RLIN) | 40492 |
| 650 #7 - SUBJECT ADDED ENTRY--TOPICAL TERM | |
| Topical term or geographic name as entry element | Law |
| Source of heading or term | BUEsh |
| Geographic subdivision | Wales. |
| 9 (RLIN) | 40493 |
| 651 ## - SUBJECT ADDED ENTRY--GEOGRAPHIC NAME | |
| Source of heading or term | BUEsh |
| 653 ## - INDEX TERM--UNCONTROLLED | |
| Resource For college | Law |
| Arrived date list | July2016 |
| 942 ## - ADDED ENTRY ELEMENTS (KOHA) | |
| Source of classification or shelving scheme | Dewey Decimal Classification |
| Edition | 22 |
| Call number prefix | 349.42 HAR |
| Withdrawn status | Item status | Source of classification or shelving scheme | Damaged status | Not for loan | Vendor | Home library | Current library | Shelving location | Date acquired | Source of acquisition | Cost, normal purchase price | Serial Enumeration / chronology | Total Checkouts | Total Renewals | Full call number | Barcode | Date last seen | Date last borrowed | Cost, replacement price | Koha item type |
|---|---|---|---|---|---|---|---|---|---|---|---|---|---|---|---|---|---|---|---|---|
| Dewey Decimal Classification | Baccah | Central Library | Central Library | First floor | 28/07/2016 | Purchase | 450.00 | 26080 | 6 | 9 | 349.42 HAR | 000032958 | 15/07/2025 | 29/04/2024 | 562.50 | Book - Borrowing |